Every US City Beginning with C - Statistics

General Stats
  • This quiz has been taken 47 times
  • The average score is 160 of 935
Answer Stats
Hint Answer % Correct
Iowa Colo
92%
Arkansas | Illinois | Mississippi | +4 others Charleston
89%
Georgia | Minnesota | Mississippi | +6 others Cleveland
87%
Georgia | Indiana | Kansas | +8 others Columbus
87%
California | Iowa | North Dakota Carson
82%
Iowa | Ohio Cincinnati
82%
Colorado Colorado Springs
82%
Michigan | Nevada Carson City
79%
Illinois | Kentucky | Mississippi | +4 others Columbia
79%
Illinois Chicago
74%
Idaho | Iowa | Kansas | +6 others Cambridge
71%
Iowa | Michigan | North Carolina | Texas Charlotte
68%
Wyoming Cheyenne
66%
Texas Corpus Christi
66%
Kansas Cedar
63%
Wyoming Casper
61%
Arizona | Minnesota | Oklahoma | Texas Chandler
61%
Illinois | Iowa | Pennsylvania | +2 others Chester
61%
Florida Cape Coral
55%
Tennessee Chattanooga
53%
Missouri | South Dakota Clark
53%
Texas Cooper
53%
Georgia | Illinois | Kansas | +6 others Canton
50%
California | New Mexico Carlsbad
50%
Georgia | Illinois | Kentucky | +2 others Carrollton
50%
Missouri Chula
50%
California Chula Vista
50%
Alabama | Arkansas | Missouri | +3 others Camden
47%
Virginia Chesapeake
47%
Arkansas | Iowa | Missouri | +2 others Clarksville
47%
California | Kentucky | New Hampshire | North Carolina Concord
47%
Kentucky | Missouri California
45%
Iowa Cedar Rapids
42%
Alabama | Kentucky Clay
42%
Arkansas | Illinois | Indiana | +9 others Clinton
42%
Iowa Carroll
39%
Indiana Charlestown
39%
West Virginia Charles Town
39%
Virginia Charlottesville
39%
California | Georgia | Idaho | +4 others Clayton
39%
Florida | Kansas | Minnesota Clearwater
39%
Georgia | Iowa | Mississippi Collins
39%
California Compton
39%
Florida Coral Springs
39%
Rhode Island Cranston
39%
Idaho | Kansas | Texas Caldwell
37%
California California City
37%
Indiana Carmel
37%
Michigan Caro
37%
Missouri | North Dakota | Texas Center
37%
Missouri Chesterfield
37%
Iowa | Michigan Clare
37%
California | South Dakota Corona
37%
Louisiana Central
34%
Colorado | Iowa | Kentucky | +2 others Central City
34%
Illinois Champaign
34%
Idaho Coeur d'Alene
34%
Texas College Station
34%
Arkansas Colt
34%
Oregon | Texas Cove
34%
Georgia | Indiana | Kentucky | +5 others Covington
34%
Georgia | Nebraska Crawford
34%
Florida Cape Canaveral
32%
Georgia | Iowa | Minnesota | +4 others Centerville
32%
California | Texas Chico
32%
California | New Mexico Clovis
32%
North Dakota Cooperstown
32%
Oregon Corvallis
32%
Alaska | Colorado | Iowa | Missouri Craig
32%
California | Minnesota | Missouri | +2 others Campbell
29%
Texas Colorado City
29%
California | South Dakota Colton
29%
Arkansas | Iowa | Missouri | +2 others Conway
29%
Florida Coral Gables
29%
Iowa | Kentucky | Maryland | Wisconsin Cumberland
29%
Missouri | Texas | West Virginia Cameron
26%
Illinois | Iowa | Kansas | +2 others Centralia
26%
California Chino
26%
Idaho | Kansas | New Jersey | +2 others Clifton
26%
Texas Cool
26%
Kansas | Oregon Culver
26%
South Dakota Custer
26%
Iowa Carbon
24%
Arkansas | Iowa | Kentucky | Ohio Carlisle
24%
Georgia | Kansas | Minnesota | Oregon Carlton
24%
Utah Cedar City
24%
Florida Cocoa
24%
Minnesota Cook
24%
Minnesota | North Dakota Crystal
24%
California Culver City
24%
Georgia | Illinois Cairo
21%
Georgia Canon
21%
Illinois | Missouri Carterville
21%
Arizona Casa Grande
21%
Washington Castle Rock
21%
Colorado Centennial
21%
Iowa | Kansas | Oklahoma Cherokee
21%
Ohio Cleveland Heights
21%
Florida Cocoa Beach
21%
Georgia | Maryland College Park
21%
Arizona | Georgia | Kansas Coolidge
21%
Idaho Council
21%
Iowa Council Bluffs
21%
Arkansas Cabot
18%
Texas Canyon
18%
Illinois | Kansas | Pennsylvania Carbondale
18%
Iowa Cedar Falls
18%
Tennessee | Texas Cedar Hill
18%
Michigan Cedar Springs
18%
Iowa | Missouri Clarence
18%
Iowa | Utah Clearfield
18%
California Clearlake
18%
Iowa | Minnesota | South Dakota Clear Lake
18%
Wyoming Cody
18%
Kansas | Wisconsin Colby
18%
Minnesota Cold Spring
18%
Texas Coldspring
18%
Kansas | Missouri Concordia
18%
Oregon Coos Bay
18%
Wisconsin Cornell
18%
California Coronado
18%
Pennsylvania Corry
18%
California Covina
18%
Illinois | Kansas | Missouri Cuba
18%
California Cupertino
18%
California Camarillo
16%
New Jersey Cape May
16%
Illinois Carmi
16%
Georgia Cartersville
16%
Alabama Centre
16%
Oklahoma Choctaw
16%
California | Minnesota | New Hampshire | +2 others Claremont
16%
North Dakota Clifford
16%
Illinois Colchester
16%
Florida | Michigan | Texas Coleman
16%
Illinois | Oklahoma Collinsville
16%
California | Georgia | Oklahoma | Texas Commerce
16%
Alabama | Alaska Cordova
16%
South Dakota Corsica
16%
Missouri | Nebraska Creighton
16%
Iowa Creston
16%
Minnesota | North Dakota Crosby
16%
Nebraska Curtis
16%
California Cypress
16%
Missouri Cape Girardeau
13%
Maine Caribou
13%
North Dakota Carrington
13%
Arkansas | Illinois | Mississippi | +3 others Carthage
13%
Utah Cedar Hills
13%
Arkansas Cedarville
13%
Rhode Island Central Falls
13%
Kansas Chase
13%
Alabama | Iowa | Massachusetts | +2 others Chelsea
13%
Alabama Chickasaw
13%
Massachusetts Chicopee
13%
Texas Childress
13%
Texas China
13%
Illinois Christopher
13%
Missouri | West Virginia Clarksburg
13%
Georgia | Washington Clarkston
13%
South Carolina Clemson
13%
Missouri Coffey
13%
Minnesota Cologne
13%
Ohio Conneaut
13%
Michigan Coopersville
13%
Colorado Cortez
13%
California Costa Mesa
13%
Arizona | Idaho | Minnesota | +2 others Cottonwood
13%
Ohio Cuyahoga Falls
13%
Texas Cactus
11%
Maine Calais
11%
Minnesota Caledonia
11%
California Calexico
11%
Georgia | Kentucky | Missouri Calhoun
11%
Nevada Caliente
11%
Oregon Canyonville
11%
Idaho | Iowa Cascade
11%
Illinois | Iowa Casey
11%
Arkansas Cash
11%
Georgia Cedartown
11%
Alabama Centreville
11%
Minnesota Ceylon
11%
South Dakota Chamberlain
11%
Iowa Charles City
11%
Kansas | Washington Cheney
11%
Illinois Chicago Heights
11%
Kentucky | Nebraska Clarkson
11%
California Cloverdale
11%
Kansas | Ohio | Texas Clyde
11%
Utah Coalville
11%
Georgia Cochran
11%
Kansas Coffeyville
11%
California | Iowa | North Dakota | Washington Colfax
11%
Indiana | Oregon Columbia City
11%
Montana Columbia Falls
11%
Minnesota Columbia Heights
11%
Iowa | Montana Conrad
11%
Texas Conroe
11%
Iowa | Minnesota Coon Rapids
11%
Arkansas | California | Iowa | +2 others Corning
11%
Missouri | Texas Crane
11%
Iowa | Oklahoma Crescent
11%
California | Florida Crescent City
11%
Florida | Kentucky Crestview
11%
Iowa | Minnesota Cromwell
11%
Missouri | Texas Crystal City
11%
Michigan Cadillac
8%
Texas Calvert
8%
North Dakota Calvin
8%
Georgia Camilla
8%
Kentucky Campbellsville
8%
Texas Canadian
8%
Colorado Cañon City
8%
Oregon Canyon City
8%
California Capitola
8%
Idaho Carey
8%
Nevada Carlin
8%
Minnesota Carver
8%
Texas Castroville
8%
California Cathedral City
8%
Texas Cedar Park
8%
Oklahoma Cedar Valley
8%
South Dakota Chancellor
8%
Georgia | Iowa Chatsworth
8%
Michigan Cheboygan
8%
Arkansas Cherry Valley
8%
Illinois | Iowa | Missouri | +2 others Chillicothe
8%
California Chino Hills
8%
Montana Chinook
8%
Idaho Chubbuck
8%
Kansas Cimarron
8%
California Citrus Heights
8%
Iowa Clive
8%
Virginia Colonial Heights
8%
Oklahoma | Texas Comanche
8%
Colorado Commerce City
8%
Oregon Condon
8%
Washington Connell
8%
Georgia Conyers
8%
Kentucky Corbin
8%
California | Minnesota Corcoran
8%
Oregon Cornelius
8%
New York | Ohio Cortland
8%
Georgia Crawfordville
8%
South Dakota Crooks
8%
Louisiana | Texas Crowley
8%
Indiana Crown Point
8%
Illinois | Iowa Crystal Lake
8%
Florida Crystal River
8%
Alabama Cullman
8%
California Calabasas
5%
Alabama Calera
5%
Florida | Minnesota Callaway
5%
Iowa | Minnesota Calumet
5%
Washington Camas
5%
Kentucky Campton
5%
New York Canandaigua
5%
Minnesota | Oregon Canby
5%
Kansas Caney
5%
Ohio Canfield
5%
Texas Carmine
5%
Washington Carnation
5%
Iowa Carpenter
5%
North Dakota Casselton
5%
North Dakota Cathay
5%
North Dakota Cavalier
5%
Texas Celeste
5%
Minnesota Center City
5%
Utah Centerfield
5%
Oregon Central Point
5%
California Ceres
5%
Minnesota Champlin
5%
Kansas Chanute
5%
Kansas Chapman
5%
Florida Chattahoochee
5%
Washington Chehalis
5%
Wisconsin Chippewa Falls
5%
Montana Choteau
5%
California Chowchilla
5%
Tennessee Church Hill
5%
Kansas | Ohio Circleville
5%
Alabama Clanton
5%
Minnesota Clarissa
5%
Georgia Clarkesville
5%
Mississippi | Missouri Clarksdale
5%
Missouri Clarkton
5%
Texas Claude
5%
Missouri Clearmont
5%
Minnesota Clements
5%
Florida Clewiston
5%
Wisconsin Clintonville
5%
California Coachella
5%
North Dakota Cogswell
5%
New York Cohoes
5%
Kansas | Michigan Coldwater
5%
Alabama | Ohio Columbiana
5%
Iowa Columbus City
5%
California Colusa
5%
Pennsylvania Connellsville
5%
Tennessee Cookeville
5%
Florida Cooper City
5%
Kansas Copeland
5%
Texas Coppell
5%
Texas Copperas Cove
5%
Oregon Coquille
5%
Iowa Coralville
5%
Kentucky | Mississippi | Texas Corinth
5%
Minnesota | Oregon Cottage Grove
5%
Arkansas | Iowa Cotter
5%
Nebraska Cozad
5%
Kentucky Creekside
5%
Kentucky | Missouri Crestwood
5%
Nebraska Crete
5%
Missouri Crocker
5%
Texas Crockett
5%
Minnesota Crookston
5%
Tennessee Cross Plains
5%
Tennessee Crossville
5%
Wisconsin Cuba City
5%
California | Wisconsin Cudahy
5%
Kansas Cunningham
5%
Minnesota Currie
5%
Montana Cut Bank
5%
Minnesota Cyrus
5%
Arkansas Caddo Valley
3%
Kentucky Cadiz
3%
Missouri Cainsville
3%
North Dakota Calio
3%
California Calipatria
3%
California Calistoga
3%
Missouri Callao
3%
Illinois Calumet City
3%
Missouri Camdenton
3%
Kentucky Campbellsburg
3%
North Dakota Cando
3%
Oregon Cannon Beach
3%
Minnesota Cannon Falls
3%
Arkansas Caraway
3%
Alabama Carbon Hill
3%
Missouri Cardwell
3%
California Carmel-by-the-Sea
3%
California Carpinteria
3%
North Dakota Carpio
3%
Missouri Carytown
3%
Michigan Caspian
3%
Utah Castle Dale
3%
Idaho Castleford
3%
Texas Castle Hills
3%
Colorado Castle Pines
3%
South Dakota Castlewood
3%
Oregon Cave Junction
3%
Georgia Cave Spring
3%
Kansas Cawker City
3%
South Carolina Cayce
3%
North Dakota Cayuga
3%
Florida Cedar Key
3%
Kansas Cedar Point
3%
Kansas Cedar Vale
3%
Ohio | Tennessee | Texas Celina
3%
Alabama | Iowa Center Point
3%
Arkansas Centerton
3%
California Cerritos
3%
Nebraska Chadron
3%
Missouri Chaffee
3%
Missouri Chamois
3%
Minnesota Chanhassen
3%
Texas Channing
3%
Nebraska Chappell
3%
Ohio Chardon
3%
Michigan Charlevoix
3%
Iowa Charter Oak
3%
Minnesota Chaska
3%
Minnesota Chatfield
3%
Georgia Chauncey
3%
Washington Chelan
3%
Kansas Cherryvale
3%
Wisconsin Chetek
3%
Alaska Chevak
3%
Georgia Chickamauga
3%
Florida Chiefland
3%
Oregon Chiloquin
3%
Wisconsin Chilton
3%
Florida Chipley
3%
Minnesota Chisholm
3%
North Dakota Christine
3%
Texas Cibolo
3%
Texas Cisco
3%
Alabama Citronelle
3%
Pennsylvania Clairton
3%
Oklahoma Claremore
3%
Iowa Clarinda
3%
Iowa Clarion
3%
Oregon Clatskanie
3%
Georgia Claxton
3%
Kansas | Nebraska Clay Center
3%
Texas Cleburne
3%
Florida | Iowa Clermont
3%
Missouri Clever
3%
Georgia | Kansas | Minnesota Climax
3%
Texas Clute
3%
Florida Coconut Creek
3%
Alaska Coffman Cove
3%
Minnesota Cohasset
3%
Washington College Place
3%
South Dakota Colman
3%
Kansas Colony
3%
Montana Colstrip
3%
Texas Combine
3%
Georgia Comer
3%
Minnesota Conger
3%
Indiana Connersville
3%
Texas Converse
3%
Missouri Cooter
3%
New Jersey Corbin City
3%
Georgia Cordele
3%
Missouri Corder
3%
Georgia Cornelia
3%
Minnesota Correll
3%
Texas Corsicana
3%
Iowa | Kentucky Corydon
3%
Washington Cosmopolis
3%
California Cotati
3%
Arkansas Cotton Plant
3%
Kansas Cottonwood Falls
3%
Utah Cottonwood Heights
3%
Kansas Council Grove
3%
Illinois | Missouri Country Club Hills
3%
Missouri Cowgill
3%
Texas Crandall
3%
Wisconsin Crandon
3%
Iowa Cresco
3%
Oregon Creswell
3%
Missouri Creve Coeur
3%
Maryland Crisfield
3%
Texas Crosbyton
3%
Arkansas Crossett
3%
Michigan Croswell
3%
Idaho Crouch
3%
Texas Crowell
3%
Michigan Crystal Falls
3%
Missouri Crystal Lakes
3%
Mississippi Crystal Springs
3%
Texas Cuero
3%
Georgia | Iowa Cumming
3%
Iowa | Oklahoma | Texas Cushing
3%
Georgia Cusseta
3%
Georgia Cuthbert
3%
Missouri Cabool
0%
Oklahoma Cache
0%
Texas Caddo Mills
0%
Illinois Cahokia Heights
0%
Iowa Calamus
0%
Arkansas Calico Rock
0%
California Calimesa
0%
Arkansas Calion
0%
Iowa Callender
0%
Texas Callisburg
0%
Iowa Calmar
0%
Kentucky Calvert City
0%
Iowa Camanche
0%
Kentucky Camargo
0%
Missouri Camden Point
0%
Arkansas Cammack Village
0%
Arkansas Campbell Station
0%
South Dakota Camp Crook
0%
Texas Camp Wood
0%
Ohio Canal Fulton
0%
Missouri Canalou
0%
Ohio Canal Winchester
0%
Kentucky Caneyville
0%
South Dakota Canistota
0%
Indiana Cannelton
0%
South Dakota Canova
0%
North Dakota Canton City
0%
Iowa Cantril
0%
California Canyon Lake
0%
Louisiana Carencro
0%
Illinois Carlinville
0%
Missouri Carl Junction
0%
Minnesota Carlos
0%
Illinois Carlyle
0%
Georgia Carnesville
0%
Florida Carrabelle
0%
Texas Carrizo Springs
0%
Kentucky Carrsville
0%
Iowa Carter Lake
0%
Missouri Caruthersville
0%
Oregon Cascade Locks
0%
Michigan Caseville
0%
Texas Cashion Community
0%
Washington Cashmere
0%
Florida Casselberry
0%
Minnesota Cass Lake
0%
Kansas Cassoday
0%
Missouri Cassville
0%
Iowa Castalia
0%
Iowa Castana
0%
Kentucky Catlettsburg
0%
Oklahoma Catoosa
0%
Arkansas | Kentucky Cave City
0%
Arkansas Cave Springs
0%
South Dakota Cavour
0%
Wisconsin Cedarburg
0%
Minnesota Cedar Mills
0%
Florida Center Hill
0%
Michigan Center Line
0%
Kentucky Centertown
0%
Missouri Centerview
0%
West Virginia Ceredo
0%
Idaho Challis
0%
Georgia Chamblee
0%
Iowa Chariton
0%
Missouri Charlack
0%
Georgia Chattahoochee Hills
0%
Kansas Chautauqua
0%
Alaska Chefornak
0%
Illinois Chenoa
0%
Arkansas Cherokee Village
0%
Colorado Cherry Hills Village
0%
South Carolina Chesnee
0%
Kansas Chetopa
0%
Ohio Cheviot
0%
Washington Chewelah
0%
Minnesota Chickamaw Beach
0%
Oklahoma Chickasha
0%
Arkansas Chidester
0%
Alaska Chignik
0%
Alabama Childersburg
0%
Texas Chireno
0%
Minnesota Chisago City
0%
Minnesota Chokio
0%
Illinois Chrisman
0%
Alaska Chuathbaluk
0%
North Dakota Churchs Ferry
0%
Iowa Churdan
0%
Minnesota Circle Pines
0%
California City of Industry
0%
Kansas Claflin
0%
South Dakota Claire City
0%
Minnesota Clara City
0%
Arkansas | Texas Clarendon
0%
Arkansas Clarkedale
0%
Minnesota Clarkfield
0%
Idaho Clark Fork
0%
Minnesota Clarks Grove
0%
Missouri Clarkson Valley
0%
Alaska Clark's Point
0%
Texas Clarksville City
0%
Michigan Clawson
0%
Kentucky Clay City
0%
Minnesota Clearbrook
0%
Texas Clear Lake Shores
0%
Washington Cle Elum
0%
Iowa Cleghorn
0%
Iowa Clemons
0%
Missouri Clifton Hill
0%
Alabama | Iowa | Michigan Clio
0%
Minnesota Clitherall
0%
Minnesota Clontarf
0%
Minnesota Cloquet
0%
Kentucky Cloverport
0%
Iowa Clutier
0%
Washington Clyde Hill
0%
Oklahoma Coalgate
0%
Arkansas Coal Hill
0%
California Coalinga
0%
Tennessee Coalmont
0%
Kentucky Coal Run Village
0%
Minnesota Coates
0%
Pennsylvania Coatesville
0%
Kansas Coats
0%
Georgia Cobbtown
0%
Minnesota Cobden
0%
Iowa | Oregon Coburg
0%
Texas Cockrell Hill
0%
Illinois Coffeen
0%
Iowa Coggon
0%
Iowa Coin
0%
Minnesota Cokato
0%
Georgia Colbert
0%
Alaska Cold Bay
0%
Kentucky Coldstream
0%
Missouri Cole Camp
0%
North Dakota Coleharbor
0%
Minnesota Coleraine
0%
Iowa Colesburg
0%
Tennessee Collegedale
0%
Iowa College Springs
0%
Texas Colleyville
0%
Tennessee Collinwood
0%
Kansas Collyer
0%
Texas Colmesneil
0%
Michigan Coloma
0%
South Dakota Colome
0%
Illinois Colona
0%
Georgia Colquitt
0%
Kentucky Cols Spring
0%
Iowa Columbus Junction
0%
Washington Colville
0%
Iowa Colwell
0%
Kansas Colwich
0%
Minnesota Comfrey
0%
Minnesota Comstock
0%
South Dakota Conde
0%
Iowa Conesville
0%
North Carolina Conover
0%
Kansas Conway Springs
0%
Missouri Cool Valley
0%
Tennessee Copperhill
0%
Iowa Coppock
0%
Iowa Correctionville
0%
Michigan Corunna
0%
Iowa Corwith
0%
Ohio Coshocton
0%
Minnesota Cosmos
0%
Missouri Cottleville
0%
Texas Cottonwood Shores
0%
Texas Cotulla
0%
Iowa Coulter
0%
Illinois Countryside
0%
Texas Coupland
0%
North Dakota Courtenay
0%
Kansas | Minnesota Courtland
0%
Tennessee Cowan
0%
Oklahoma Coweta
0%
Texas Coyote Flats
0%
Kansas Coyville
0%
Kentucky | Tennessee Crab Orchard
0%
Idaho Craigmont
0%
Texas Cranfills Gap
0%
North Dakota Crary
0%
Indiana | Iowa Crawfordsville
0%
Illinois Creal Springs
0%
Minnesota Credit River
0%
Texas Creedmoor
0%
Alabama Creola
0%
South Dakota Cresbard
0%
Kentucky Crescent Springs
0%
Texas Cresson
0%
Illinois Crest Hill
0%
Kentucky Crestview Hills
0%
Colorado Cripple Creek
0%
Kentucky Crittenden
0%
Kentucky | Nebraska Crofton
0%
Kentucky Crossgate
0%
Minnesota Crosslake
0%
Missouri Cross Timbers
0%
Tennessee Crump
0%
Missouri Crystal Lake Park
0%
Idaho Culdesac
0%
Kansas Cullison
0%
Georgia Culloden
0%
Texas Cumby
0%
Iowa Curlew
0%
Missouri Curryville
0%
Arkansas Cushman
0%
Texas Cut and Shoot
0%
Minnesota Cuyuna
0%
Iowa Cylinder
0%
Kentucky Cynthiana
0%
No matching quizzes found
Score Distribution
Percent of People with Each Score
Percentile by Number Answered
Your Score History
You have not taken this quiz